जलाल अल-दीन रूमी : (Record no. 197996)

MARC details
000 -LEADER
fixed length control field 00936nam a22001817a 4500
005 - DATE AND TIME OF LATEST TRANSACTION
control field 20230912104342.0
010 ## - LCCN (DPL NO)
LC control number HIN-125891
020 ## - INTERNATIONAL STANDARD BOOK NUMBER
International Standard Book Number 9788119078004
Terms of availability 250.00
035 ## - SYSTEM CONTROL NUMBER
System control number HN-98237
082 ## - DEWEY DECIMAL CLASSIFICATION NUMBER
Classification number 821.08
100 ## - MAIN ENTRY--PERSONAL NAME
Personal name ब्यास, राधास्वामी सत्संग
245 ## - TITLE STATEMENT
Title जलाल अल-दीन रूमी :
Statement of responsibility, etc राधास्वामी सत्संग ब्यास
Remainder of title दीवान-ए शम्स-ए तब्रीज़ी
260 ## - PUBLICATION, DISTRIBUTION, ETC. (IMPRINT)
Name of publisher, distributor, etc डी. के. सीकरी, सेक्रेटरी
Date of publication, distribution, etc 2023
Place of publication, distribution, etc पंजाब
270 ## - ADDRESS
Address राधास्वामी सत्संग ब्यास डेरा बाबा जैमल सिंह
City पंजाब
Postal code 143204
300 ## - PHYSICAL DESCRIPTION
Extent 432 पृ.
Dimensions 22 सेमी.(अजिल्द)
700 ## - ADDED ENTRY--PERSONAL NAME
Personal name आग्रवाल,दीपक
9 (RLIN) 55805
942 ## - ADDED ENTRY ELEMENTS (KOHA)
Source of classification or shelving scheme Dewey Decimal Classification
Item type Hindi Books
Classification part 821.08
Call number suffix ब्यास
Holdings
Withdrawn status Lost status Not for loan Collection code Home library Current library Date acquired Source of acquisition Cost, normal purchase price Full call number Barcode Copy number Cost, replacement price Koha item type
      Non-fiction Mobile Library Mobile Library 12/09/2023 DBAD/PUB 250.00 821.08 ब्यास HN-98237 1 250.00 Hindi Books

© Delhi Public Library
Hit Counter
free hit counter